<?xml version="1.0" encoding="UTF-8"?>
<record
    xmlns:xsi="http://www.w3.org/2001/XMLSchema-instance"
    xsi:schemaLocation="http://www.loc.gov/MARC21/slim http://www.loc.gov/standards/marcxml/schema/MARC21slim.xsd"
    xmlns="http://www.loc.gov/MARC21/slim">

  <leader>01238nam a22002657a 4500</leader>
  <controlfield tag="005">20170124102932.0</controlfield>
  <datafield tag="010" ind1=" " ind2="B">
    <subfield code="a">B-170256</subfield>
  </datafield>
  <datafield tag="020" ind1=" " ind2=" ">
    <subfield code="c">595.00</subfield>
    <subfield code="a">817453138</subfield>
  </datafield>
  <datafield tag="035" ind1=" " ind2=" ">
    <subfield code="a">B-170256</subfield>
  </datafield>
  <datafield tag="037" ind1=" " ind2=" ">
    <subfield code="b">Cen Lib/Ret</subfield>
  </datafield>
  <datafield tag="040" ind1=" " ind2=" ">
    <subfield code="a">DPL</subfield>
    <subfield code="b">HN</subfield>
  </datafield>
  <datafield tag="082" ind1=" " ind2=" ">
    <subfield code="a">821.08</subfield>
    <subfield code="b">&#x938;&#x935;&#x93F;&#x924;&#x93E; </subfield>
  </datafield>
  <datafield tag="100" ind1=" " ind2=" ">
    <subfield code="a">&#x938;&#x935;&#x93F;&#x924;&#x93E; </subfield>
    <subfield code="9">6954</subfield>
  </datafield>
  <datafield tag="245" ind1=" " ind2=" ">
    <subfield code="a">&#x930;&#x940;&#x924;&#x93F;&#x915;&#x93E;&#x932;&#x940;&#x928; &#x928;&#x940;&#x924;&#x93F;&#x915;&#x935;&#x93F;&#x92F;&#x94B;&#x902; &#x915;&#x940; &#x938;&#x94B;&#x902;&#x926;&#x930;&#x94D;&#x92F; &#x91A;&#x947;&#x924;&#x928;&#x93E; /</subfield>
    <subfield code="c">&#x938;&#x935;&#x93F;&#x924;&#x93E; </subfield>
  </datafield>
  <datafield tag="246" ind1=" " ind2=" ">
    <subfield code="a">Reetikaleen neetikaviyon ke sondarya-chetna /</subfield>
    <subfield code="b">by Savita </subfield>
  </datafield>
  <datafield tag="260" ind1=" " ind2=" ">
    <subfield code="a">&#x928;&#x92F;&#x940; &#x926;&#x93F;&#x932;&#x94D;&#x932;&#x940; </subfield>
    <subfield code="b">&#x938;&#x902;&#x91C;&#x92F; &#x92A;&#x94D;&#x930;&#x915;&#x93E;&#x936;&#x928; </subfield>
    <subfield code="c">2004</subfield>
  </datafield>
  <datafield tag="270" ind1=" " ind2=" ">
    <subfield code="b">&#x928;&#x92F;&#x940; &#x926;&#x93F;&#x932;&#x94D;&#x932;&#x940; </subfield>
    <subfield code="a">4378/4-&#x92C;&#x940;,209 &#x91C;&#x947;.&#x90F;&#x92E;.&#x921;&#x940;.&#x939;&#x93E;&#x909;&#x938;, &#x917;&#x932;&#x940; &#x92E;&#x941;&#x930;&#x93E;&#x930;&#x940;&#x932;&#x93E;&#x932;, &#x905;&#x902;&#x938;&#x93E;&#x930;&#x940; &#x930;&#x94B;&#x921;, &#x926;&#x930;&#x92F;&#x93E;&#x917;&#x902;&#x91C; </subfield>
    <subfield code="e">110002</subfield>
  </datafield>
  <datafield tag="300" ind1=" " ind2=" ">
    <subfield code="a">xv,341&#x92A;&#x943;.</subfield>
    <subfield code="c">21&#x938;&#x947;&#x92E;&#x940;(&#x938;&#x91C;&#x93F;&#x932;&#x94D;&#x926; ) </subfield>
  </datafield>
  <datafield tag="500" ind1=" " ind2=" ">
    <subfield code="a">&#x917;&#x94D;&#x930;&#x928;&#x94D;&#x925; &#x938;&#x942;&#x91A;&#x940; &#x936;&#x93E;&#x92E;&#x93F;&#x932; </subfield>
  </datafield>
  <datafield tag="650" ind1=" " ind2=" ">
    <subfield code="a">&#x939;&#x93F;&#x902;&#x926;&#x940; &#x938;&#x93E;&#x939;&#x93F;&#x924;&#x94D;&#x92F; </subfield>
    <subfield code="x"> </subfield>
    <subfield code="z"> </subfield>
    <subfield code="9">45502</subfield>
  </datafield>
  <datafield tag="650" ind1=" " ind2=" ">
    <subfield code="v"> </subfield>
    <subfield code="a">&#x930;&#x940;&#x924;&#x93F;&#x915;&#x93E;&#x932;&#x940;&#x928; &#x938;&#x93E;&#x939;&#x93F;&#x924;&#x94D;&#x92F; </subfield>
    <subfield code="9">45503</subfield>
  </datafield>
  <datafield tag="650" ind1=" " ind2=" ">
    <subfield code="a">Hindi litarature </subfield>
    <subfield code="9">45504</subfield>
  </datafield>
  <datafield tag="650" ind1=" " ind2=" ">
    <subfield code="a">Ritikalin literatur</subfield>
    <subfield code="9">45505</subfield>
  </datafield>
  <datafield tag="942" ind1=" " ind2=" ">
    <subfield code="2">ddc</subfield>
    <subfield code="c">HN</subfield>
    <subfield code="h">821.08</subfield>
    <subfield code="m">&#x938;&#x935;&#x93F;&#x924;&#x93E; </subfield>
  </datafield>
  <datafield tag="999" ind1=" " ind2=" ">
    <subfield code="c">112018</subfield>
    <subfield code="d">112018</subfield>
  </datafield>
  <datafield tag="952" ind1=" " ind2=" ">
    <subfield code="0">0</subfield>
    <subfield code="1">0</subfield>
    <subfield code="4">0</subfield>
    <subfield code="7">0</subfield>
    <subfield code="a">L</subfield>
    <subfield code="b">L</subfield>
    <subfield code="d">2015-08-06</subfield>
    <subfield code="e">Cen Lib/Ret</subfield>
    <subfield code="g">595.00</subfield>
    <subfield code="l">4</subfield>
    <subfield code="m">1</subfield>
    <subfield code="o">821.08 &#x938;&#x935;&#x93F;&#x924;&#x93E;</subfield>
    <subfield code="p">B-170256</subfield>
    <subfield code="r">2018-09-01 00:00:00</subfield>
    <subfield code="s">2018-08-24</subfield>
    <subfield code="t">1</subfield>
    <subfield code="v">595.00</subfield>
    <subfield code="w">2015-08-06</subfield>
    <subfield code="y">HN</subfield>
  </datafield>
</record>
